The New Testament (Record no. 152095)

MARC details
000 -LEADER
campo de control de longitud fija 00962nam a2200217 i 4500
001 - NÚMERO DE CONTROL
campo de control 152095
003 - IDENTIFICADOR DE NÚMERO DE CONTROL
campo de control ES-MaACL
005 - FECHA Y HORA DE LA ÚLTIMA TRANSACCIÓN
campo de control 20250928124807.0
008 - DATOS DE LONGITUD FIJA--INFORMACIÓN GENERAL
campo de control de longitud fija 050914s1869 gw | |||||||| ||eng d
040 ## - FUENTE DE CATALOGACIÓN
Centro catalogador/agencia de origen CAM
Lengua de catalogación spa
Centro/agencia transcriptor CAM
130 0# - ENTRADA PRINCIPAL--TÍTULO UNIFORME
Título uniforme Biblia.
Número de parte o sección de la obra N.T.
Lenguaje de la obra Inglés.
9 (RLIN) 160327
245 14 - MENCIÓN DEL TÍTULO
Título The New Testament
Resto del título : the authorised english version /
Mención de responsabilidad, etc. with introduction and various readings from the three most celebrated manuscripts of the original greek text by Constantine Tischendorf.
260 ## - PUBLICACIÓN, DISTRIBUCIÓN, ETC.
Lugar de publicación, distribución, etc. Leipzig :
Nombre del editor, distribuidor, etc. Bernhard Tauchnitz,
Fecha de publicación, distribución, etc. 1869.
300 ## - DESCRIPCIÓN FÍSICA
Extensión XVI, 414 p., [1] h. de lám. ;
Dimensiones 16 cm.
490 1# - MENCIÓN DE SERIE
Mención de serie Collection of british authors ;
Designación de volumen o secuencia 1000
599 ## - NOTA A LAS ILUSTRACIONES
NOTA A LAS ILUSTRACIONES La h. de lám. reprod. de un fragmento del Códex Sinaiticus, Codex Vaticanus y Codex Alexandrinus.
700 1# - ENTRADA AGREGADA--NOMBRE PERSONAL
Nombre de persona Tischendorf, Constantin von,
Fechas asociadas al nombre 1815-1874
9 (RLIN) 133267
830 0# - PUNTO DE ACCESO ADICIONAL DE SERIE-TÍTULO UNIFORME
Título uniforme Collection of british authors ;
Designación de volumen o secuencia 1000
9 (RLIN) 180703
852 ## - LOCALIZACIÓN
Ubicación ES-MaACL
Número de control de estantería G-13130
Nota libre -- Enc. hol.
Holdings
Estatus retirado Estado de pérdida Estado de daño No para préstamo Colección Biblioteca de origen Biblioteca actual Ubicación en estantería Fecha de adquisición Fuente de adquisición Total de préstamos Signatura topográfica completa Código de barras Visto por última vez Precio de reemplazo Tipo de ítem Koha
        Libros del s. XIX Biblioteca del Ateneo de Madrid Biblioteca del Ateneo de Madrid Sala Pecera Planta 3 17/01/2008     G-13130 1158765 23/02/2023 23/02/2023 Libro impreso antiguo